| 000 | 00769nam a2200289Ia 4500 | ||
|---|---|---|---|
| 003 | 0100 | ||
| 008 | 130307s9999 xx 000 0 und d | ||
| 020 | _a0679640924 | ||
| 040 | _cARRUPELIB | ||
| 050 | _aBX945.3.K86 2001 | ||
| 100 | _aKung, Hans | ||
| 245 | 4 | _aThe Catholic Church | |
| 245 | _ba short history | ||
| 260 | _aNew York | ||
| 260 | _bModern Library | ||
| 260 | _c2001. | ||
| 300 | _axxv | ||
| 300 | _b221 p. 20 cm. | ||
| 440 | _aA Modern Library chronicles ; 5. | ||
| 650 | _aCATHOLIC CHURCH | ||
| 650 | _bJesuits--Spiritual life | ||
| 650 | _cSpirituality--Catholic Church | ||
| 650 | _dDoherty, Robert G | ||
| 700 | _aBowden, John (tr.) | ||
| 856 | _uhttp://www.loc.gov/catdir/description/random0414/00067568.html | ||
| 942 | 0 | 0 | _01 |
| 999 |
_c94657 _d94657 |
||